|
|
|
|
| LEADER |
00968nam a22002778a 4500 |
| 001 |
00040364 |
| 005 |
20171124081142.0 |
| 008 |
171103s2016####-vm#################vie|d |
| 020 |
# |
# |
|a 978 604 1 09161 0
|c 93000
|
| 041 |
0 |
# |
|a vie
|
| 082 |
# |
# |
|a 158.1
|b B118Đ
|
| 100 |
1 |
# |
|d 1966-
|a Abraham, Keith
|
| 242 |
2 |
1 |
|a It starts with passion
|
| 245 |
1 |
0 |
|b Làm điều bạn thích và yêu điều bạn làm
|a Bắt đầu từ đam mê
|c Keith Abraham; Phan Hoàng Lệ Thủy (Dịch)
|
| 250 |
# |
# |
|a tái bản lần thứ 1
|
| 260 |
# |
# |
|a Tp. Hồ Chí Minh
|b trẻ
|c 2016
|
| 300 |
# |
# |
|a 276 tr.
|c 20 cm.
|
| 653 |
# |
# |
|a mục tiêu
|
| 653 |
# |
# |
|a thoả mãn công việc
|
| 653 |
# |
# |
|a tự thực hiện
|
| 653 |
# |
# |
|a động lực
|
| 700 |
1 |
# |
|a Phan Hoàng Lệ Thủy
|e (Dịch)
|
| 852 |
# |
# |
|j KM.0034905
|
| 910 |
|
|
|d 24/11/2017
|
| 980 |
# |
# |
|a Trung tâm Học liệu Lê Vũ Hùng, Trường Đại học Đồng Tháp
|